Statistiques concernant Vocabulaire Anglais chapitre 5

Cliquez ici pour prendre le quiz!

Statistiques générales

  • Ce quiz a été pris 37 fois
  • Le résultat moyen est 24 sur 49

Statistiques - réponses

françaisanglais% Correct
campagne de boycottboycott campaign
70%
engagementcommitment
60%
RSECSR
60%
problème économiqueeconomic problem
60%
autonomisationempowerment
60%
égaux en droitsequal in rights
60%
l'économiethe economy
60%
autonomiserto empower
60%
valeurvalue
60%
accès aux soins de santéacces to health care
50%
militantactivist
50%
devise alternativealternative currency
50%
marketing de cause sociale ou humanitairecause marketing
50%
financement participatifcrowdfunding
50%
égalitaireegalitarian
50%
défi écologiqueenvironmental challenge
50%
empreinte écologiqueenvironmental footprint
50%
investissement éthiqueethical investment
50%
ONGNGO
50%
groupe d'entre-aideself-help group
50%
entrepreunariat socialsocial entrepreneurship
50%
partie prenantestakeholder
50%
durabilitésustainability
50%
économie durablesustainable economy
50%
combler un fosséto bridge a gap
50%
remettre en questionto call into question
50%
impliquer des acteurs locauxto involve local actors
50%
faire prendre conscienceto raise awareness
50%
réduire les inégalitésto reduce inequalities
50%
partagerto share
50%
faire du bénévolatto volunteer
50%
creuser un fosséto widen a gap
50%
bénévolatvolunteering
50%
système de trocbarter system
40%
organisme caritatifcharity
40%
pression des consommateursconsumer pressure
40%
levée de fondsfundraising
40%
commerce sans argentmoneyless trading
40%
prêts entre pairspeer lending
40%
prestation socialesocial benefit
40%
profiter deto benefit from
40%
profiter à la sociététo benefit society
40%
faire un don d'argentto donate money
40%
favoriser la solidaritéto foster solidarity
40%
prêter de l'argentto lend money
40%
surmonter les inégalitésto overcome inequalities
40%
mutualiser des compétencesto pool skills
40%
lever des fondsto raise funds
40%
monter une coopérativeto set up a cooperative
40%

Distribution des résultats

Percentile par nombre de réponses

% des personnes avec chaque résultat

Votre développement - résultats

Vous n’avez pas pris ce quiz